000 01169cam a2200289 a 4500
999 _c126918
_d126918
001 1199053
003 ARRUPE
005 20170905110906.0
008 980806r19981990nyua b 001 0 eng
010 _a 98030855
020 _a1571811656 (alk. paper)
040 _aDLC
_cDLC
_dDLC
050 0 0 _aGT3930
_b.H34 1998
082 0 0 _a394.2
_221
100 1 _aHandelman, Don.
_935654
245 1 0 _aModels and mirrors :
_btowards an anthropology of public events /
_cDon Handelman ; with a new preface by the author.
260 _aNew York :
_bBerghahn Books,
_c1998.
300 _aliv, 330 p. :
_c22 cm.
500 _aOriginally published: Cambridge ; New York : Cambridge University Press, 1990.
504 _aIncludes bibliographical references (p. 301-322) and index.
650 0 _aFestivals.
_935655
650 0 _aHolidays.
_917869
650 0 _aPlay.
_935656
650 0 _aSymbolism.
_935657
906 _a7
_bcbc
_corignew
_d1
_eocip
_f19
_gy-gencatlg
942 _2lcc
_cMONOGRAPH